Instability in the international steel market : A study of import and export fluctuations

Đã lưu trong:
书目详细资料
主要作者: Fridén, Lennart
格式: 图书
语言:Undetermined
出版: Stockholm Beckmans 1972
主题:
标签: 添加标签
没有标签, 成为第一个标记此记录!
Thư viện lưu trữ: Trung tâm Học liệu Trường Đại học Cần Thơ
LEADER 00549nam a2200193Ia 4500
001 CTU_85852
008 210402s9999 xx 000 0 und d
082 |a 382 
082 |b F898 
100 |a Fridén, Lennart 
245 0 |a Instability in the international steel market : 
245 2 |b A study of import and export fluctuations 
245 0 |c Lennart Fridén 
260 |a Stockholm 
260 |b Beckmans 
260 |c 1972 
650 |a Steel industry and trade 
904 |i Năm 
980 |a Trung tâm Học liệu Trường Đại học Cần Thơ